000 005920000a22001810004500
003 MACL
005 20160511150202.0
008 160511b xxu||||| |||| 00| 0 eng d
040 _aMACL
_cMACL
041 _aHindi
082 _a891.431 CHU
100 _aचुग, कृष्‍ण कुमार
_956130
245 _aपहला प्‍यार
_cकृष्‍ण कुमार चुग
260 _bकृष्‍णा पब्लिशर्स
_c2008
_aनई दिल्‍ली
350 _a100
650 _aPoetry
_956135
942 _cHIN
_k891.431/CHU/P
_2ddc
999 _c22146
_d22146